Toutes les Villes Mondiales - Statistiques

Statistiques générales
  • Ce quiz a été pris 468 fois
  • Le résultat moyen est 111 sur 212
Statistiques - réponses
Pays Ville % Correct
France Paris
99%
Royaume-Uni Londres
98%
États-Unis New York
96%
Chine Pékin
95%
Japon Tokyo
95%
Italie Rome
94%
Allemagne Berlin
92%
Australie Sydney
92%
Espagne Madrid
91%
Russie Moscou
91%
Mexique Mexico
89%
États-Unis Washington
88%
Espagne Barcelone
87%
États-Unis Los Angeles
87%
Brésil Rio de Janeiro
87%
Singapour Singapour
87%
Italie Milan
86%
Belgique Bruxelles
85%
Portugal Lisbonne
85%
Pays-Bas Amsterdam
83%
Luxembourg Luxembourg
82%
Inde New Delhi
82%
Corée du Sud Séoul
82%
Argentine Buenos Aires
81%
Chine/Hong Kong Hong Kong
81%
France Lyon
81%
Canada Montréal
81%
Allemagne Munich
81%
Pologne Varsovie
81%
Australie Canberra
80%
Émirats Arabes Unis Dubaï
80%
Irlande Dublin
80%
Turquie Istanbul
80%
Norvège Oslo
80%
Chine Shanghai
80%
Autriche Vienne
80%
Grèce Athènes
79%
Égypte Le Caire
79%
États-Unis Chicago
78%
Canada Ottawa
78%
Hongrie Budapest
77%
Suède Stockholm
77%
Roumanie Bucarest
76%
Finlande Helsinki
76%
Tunisie Tunis
76%
Brésil São Paulo
75%
Inde Bombay
74%
Danemark Copenhague
74%
Suisse Genève
74%
États-Unis Miami
74%
République Tchèque Prague
74%
Thaïlande Bangkok
73%
Colombie Bogota
73%
Indonésie Jakarta
73%
Ukraine Kiev
73%
Royaume-Uni Manchester
73%
Algérie Alger
72%
Pérou Lima
72%
Croatie Zagreb
72%
Panama Panama
71%
Portugal Porto
71%
Canada Toronto
71%
Qatar Doha
69%
Chili Santiago
69%
Bulgarie Sofia
69%
Suisse Zurich
69%
Turquie Ankara
68%
Afrique du Sud Le Cap
68%
Philippines Manille
67%
États-Unis San Francisco
67%
Liban Beyrouth
65%
Afrique du Sud Johannesburg
65%
Uruguay Montevideo
65%
Russie Saint-Pétersbourg
65%
États-Unis Boston
64%
Maroc Casablanca
64%
Israël Tel-Aviv
64%
Viêt Nam Hanoï
63%
Malaisie Kuala Lumpur
63%
Australie Melbourne
63%
Arabie Saoudite Riyad
63%
Italie Turin
63%
Serbie Belgrade
62%
Venezuela Caracas
62%
Pays-Bas Rotterdam
62%
Taïwan Taipei
62%
Nouvelle-Zélande Wellington
62%
Allemagne Francfort
61%
Allemagne Hambourg
61%
Koweït Koweït
61%
Kenya Nairobi
61%
Lettonie Riga
61%
Canada Vancouver
61%
Équateur Quito
60%
Pakistan Islamabad
59%
Chypre Nicosie
59%
États-Unis Dallas
57%
Nigeria Lagos
57%
Espagne Valence
57%
Lituanie Vilnius
57%
Slovaquie Bratislava
56%
Biélorussie Minsk
56%
Chine Canton
55%
Bangladesh Dacca
55%
États-Unis Houston
55%
États-Unis Philadelphie
55%
États-Unis Seattle
55%
Estonie Tallinn
55%
Albanie Tirana
55%
Bolivie La Paz
54%
Royaume-Uni Édimbourg
53%
Slovénie Ljubljana
52%
Japon Osaka
52%
Émirats Arabes Unis Abu Dhabi
51%
Costa Rica | États-Unis San José
51%
Salvador San Salvador
51%
Nouvelle-Zélande Auckland
50%
Royaume-Uni Birmingham
50%
Guatemala Guatemala
50%
Australie Perth
50%
Belgique Anvers
49%
États-Unis Atlanta
49%
Allemagne Cologne
49%
Azerbaïdjan Bakou
48%
Inde Calcutta
48%
États-Unis Denver
48%
Viêt Nam Hô-Chi-Minh-Ville
48%
États-Unis Détroit
47%
Royaume-Uni Glasgow
47%
Paraguay Asuncion
46%
Géorgie Tbilissi
46%
Jordanie Amman
44%
France Nantes
44%
Ghana Accra
43%
États-Unis San Diego
43%
Cambodge Phnom Penh
42%
Espagne Bilbao
41%
Allemagne Stuttgart
41%
Pakistan Karachi
40%
Angola Luanda
40%
Bahreïn Manama
40%
Allemagne Düsseldorf
39%
Oman Mascate
39%
États-Unis Phoenix
39%
République Dominicaine Saint-Domingue
39%
Sri Lanka Colombo
38%
Colombie Medellín
38%
Chine Wuhan
38%
États-Unis Austin
37%
Tanzanie Dar es Salaam
37%
États-Unis Orlando
37%
Australie Adelaïde
36%
Royaume-Uni Belfast
36%
Australie Brisbane
36%
Zimbabwe Harare
36%
États-Unis San Antonio
36%
Maurice Port-Louis
35%
Honduras Tegucigalpa
35%
Mexique Guadalajara
33%
Chine Shenzhen
32%
Inde Bangalore
31%
Zambie Lusaka
31%
Mozambique Maputo
30%
États-Unis Sacramento
29%
Canada Calgary
28%
Pakistan Lahore
28%
États-Unis Minneapolis
28%
Chine Xi'an
27%
États-Unis Baltimore
26%
États-Unis Charlotte
26%
Mexique Monterrey
26%
Brésil Belo Horizonte
25%
Afrique du Sud Durban
24%
États-Unis Cleveland
23%
Arabie Saoudite Jeddah
23%
États-Unis Nashville
23%
États-Unis Saint-Louis
21%
États-Unis (Porto Rico) San Juan
21%
Chine Chongqing
20%
Kazakhstan Almaty
19%
Royaume-Uni Bristol
19%
Chine Chengdu
19%
États-Unis Milwaukee
19%
Chine Tianjin
19%
Pologne Poznań
18%
Inde Hyderabad
17%
États-Unis Tampa
17%
Pologne Wrocław
17%
Birmanie Rangoun
16%
Équateur Guayaquil
15%
Chine Xiamen
15%
Inde Ahmedabad
14%
Chine Hangzhou
14%
Chine Nanjing
14%
Inde Pune
13%
Royaume-Uni (Îles Caïman) George Town
12%
Brésil Curitiba
10%
Chine Qingdao
10%
Chine Dalian
9%
Inde Madras
9%
Chine Changsha
8%
Chine Fuzhou
8%
Chine Kunming
8%
Chine Shenyang
8%
Chine Suzhou
8%
Chine Zhengzhou
8%
Chine Jinan
7%
Chine Hefei
6%
Malaisie Johor Bahru
5%
Malaisie Penang
5%
Chine Taiyuan
5%
Aucun quiz correspondant
Distribution des résultats
% des personnes avec chaque résultat
Percentile par nombre de réponses
Votre historique - résultats
Vous n’avez pas pris ce quiz